PHTLS--basic and advanced prehospital trauma life support / (Record no. 1771)

000 -LEADER
fixed length control field 01508pam a2200361 a 4500
003 - CONTROL NUMBER IDENTIFIER
control field OSt
005 - DATE AND TIME OF LATEST TRANSACTION
control field 20210630070033.0
008 - FIXED-LENGTH DATA ELEMENTS--GENERAL INFORMATION
fixed length control field 980601s1999 moua b 001 0 eng c
020 ## - INTERNATIONAL STANDARD BOOK NUMBER
International Standard Book Number 0815145691
040 ## - CATALOGING SOURCE
Transcribing agency DLC
050 00 - LIBRARY OF CONGRESS CALL NUMBER
Classification number RC86.7
Item number .P48 1999
060 10 - NATIONAL LIBRARY OF MEDICINE CALL NUMBER
Classification number WO 700
Item number P577 1999
245 00 - TITLE STATEMENT
Title PHTLS--basic and advanced prehospital trauma life support /
Statement of responsibility, etc. Prehospital Trauma Life Support Committee of the National Association of Emergency Medical Technicians in Cooperation with the Committee on Trauma of the American College of Surgeons.
250 ## - EDITION STATEMENT
Edition statement 4th ed.
260 ## - PUBLICATION, DISTRIBUTION, ETC.
Place of publication, distribution, etc. St. Louis :
Name of publisher, distributor, etc. Mosby,
Date of publication, distribution, etc. c1999.
300 ## - PHYSICAL DESCRIPTION
Extent xxvii, 353 p. :
Other physical details col. ill. ;
Dimensions 28 cm.
504 ## - BIBLIOGRAPHY, ETC. NOTE
Bibliography, etc. note Includes bibliographical references and index.
650 #0 - SUBJECT ADDED ENTRY--TOPICAL TERM
Topical term or geographic name entry element Medical emergencies.
650 #0 - SUBJECT ADDED ENTRY--TOPICAL TERM
Topical term or geographic name entry element First aid in illness and injury.
650 #0 - SUBJECT ADDED ENTRY--TOPICAL TERM
Topical term or geographic name entry element Traumatology.
650 12 - SUBJECT ADDED ENTRY--TOPICAL TERM
Topical term or geographic name entry element Wounds and Injuries
General subdivision therapy.
650 22 - SUBJECT ADDED ENTRY--TOPICAL TERM
Topical term or geographic name entry element Emergencies.
650 22 - SUBJECT ADDED ENTRY--TOPICAL TERM
Topical term or geographic name entry element First Aid
General subdivision methods.
710 2# - ADDED ENTRY--CORPORATE NAME
Corporate name or jurisdiction name as entry element National Association of Emergency Medical Technicians (U.S.).
Subordinate unit Pre-Hospital Trauma Life Support Committee.
710 2# - ADDED ENTRY--CORPORATE NAME
Corporate name or jurisdiction name as entry element American College of Surgeons.
Subordinate unit Committee on Trauma.
906 ## - LOCAL DATA ELEMENT F, LDF (RLIN)
a 7
b cbc
c orignew
d 1
e ocip
f 19
g y-gencatlg
942 ## - ADDED ENTRY ELEMENTS (KOHA)
Source of classification or shelving scheme
Koha item type Book
Suppress in OPAC JE
Holdings
Withdrawn status Lost status Source of classification or shelving scheme Damaged status Not for loan Permanent Location Current Location Shelving location Date acquired Total Checkouts Full call number Barcode Date last seen Price effective from Koha item type Public note Source of acquisition Copy number
          AU LIBRARY AU LIBRARY Open Shelf 30.06.2021   RC86.7 .P48 1999 28002272 30.06.2021 30.06.2021 Book JE    
          AU LIBRARY AU LIBRARY Open Shelf 22.06.2022   RC86.7 .P48 1999 C2 28008076 22.06.2022 22.06.2022 Book PW DONATION FROM MOI UNIVERSITY 2

Powered by Koha